000
00294nam a2200121Ia 4500
008
190216s9999||||xx |||||||||||||| ||und||
100
_a
Kavitha Thiranedutha Committee
245
0
_a
Naveena Kavitha
260
_b
Cambridge Uty Press
_c
1987
300
_a
56p
650
_a
Kavithkal
942
_c
BK
999
_c
29871
_d
29871